'Heroes of Olympus' Seven Demigods Quiz Stats

 Plays Quiz Updated Oct 31, 2013

Support Sporcle.
Go Orange.
Score 0/7 Timer 01:30
1 Play Today
Child of Member % Correct
Son of PoseidonPercy Jackson
97.1%
Daughter of AthenaAnnabeth Chase
93.4%
Son of JupiterJason Grace
89.1%
Son of HephaestusLeo Valdez
87.7%
Daughter of AphroditePiper McLean
86%
Son of MarsFrank Zhang
85.6%
Daughter of PlutoHazel Levesque
85.1%

You're not logged in!

Compare scores with friends on all Sporcle quizzes.
OR
Log In
Forgot?

From the Vault

The Unequal Equation Quiz

by Thebiguglyalien

Science 2m
Calibrate the addifier! Set the controls on the subtract-o-meter! We have math to do.
Remove Ads.
Support Sporcle.
Get the best of Sporcle when you Go Orange. This ad-free experience offers more features, more stats, and more fun while also helping to support Sporcle. Thank you for becoming a member.

Show Comments

Extras

Top Quizzes Today


Score Distribution

Your Account Isn't Verified!

In order to create a playlist on Sporcle, you need to verify the email address you used during registration. Go to your Sporcle Settings to finish the process.

Report this User

Report this user for behavior that violates our Community Guidelines.

Details: